| Tag |
First Indicator |
Second Indicator |
Subfields |
| LEADER |
00000cam a22000005a 4500 |
| 001 |
in00000069811 |
| 005 |
20151008055850.0 |
| 008 |
801104s1980 cau b 00110 eng d |
| 035 |
|
|
|a (OCoLC)06898829
|
| 035 |
|
|
|9 AAJ4586AM
|
| 040 |
|
|
|c UDR
|d m.c.
|d OCL
|d TXA
|d UtOrBLW
|
| 043 |
|
|
|a n-us---
|
| 049 |
|
|
|a TXAM
|c 1 [1502544], 2 [1502545]
|
| 090 |
|
|
|a Z7164.L5
|b O34
|
| 110 |
1 |
|
|a Ogden, Gerald R.
|
| 245 |
1 |
4 |
|a The excess lands provisions of federal reclamation law :
|b a bibliography and chronology /
|c compiled by Gerald R. Ogden.
|
| 264 |
|
1 |
|a Davis :
|b University of California Agricultural History Center,
|c 1980.
|
| 300 |
|
|
|a iii, 136 leaves ;
|c 28 cm.
|
| 336 |
|
|
|a text
|b txt
|2 rdacontent
|
| 337 |
|
|
|a unmediated
|b n
|2 rdamedia
|
| 338 |
|
|
|a volume
|b nc
|2 rdacarrier
|
| 500 |
|
|
|a Includes index.
|
| 500 |
|
|
|a "A cooperative project of the Agricultural History Branch, National Economics Division, Economics, Statistics and Cooperative Service, U.S. Department of Agriculture and the Agricultural History Center."--title page.
|
| 650 |
|
0 |
|a Reclamation of land
|x Law and legislation
|z United States
|x Bibliography.
|
| 650 |
|
0 |
|a Irrigation laws
|z United States
|x Bibliography.
|
| 710 |
1 |
|
|a United States.
|b Agricultural History Branch.
|
| 710 |
2 |
|
|a University of California, Davis.
|b Agricultural History Center.
|
| 999 |
|
|
|a MARS
|
| 999 |
f |
f |
|s 133c35a7-8ef9-3276-8799-3d939fbc13d8
|i 1fd7ef90-f2cd-3c71-8d7e-e5d9fabe2e13
|t 0
|
| 952 |
f |
f |
|p ric
|a Texas A&M University
|b Rellis Campus
|c Joint Library Facility
|d Remote Storage
|t 0
|e Z7164.L5 O34
|h Library of Congress classification
|i unmediated -- volume
|m A14842719222
|
| 998 |
f |
f |
|a Z7164.L5 O34
|t 0
|l Remote Storage
|